000 00295nam a22001337a 4500
008 171014b xxu||||| |||| 00| 0 eng d
020 _a9780324586596
041 _aeng
080 _a33
100 _a52
101 _aEKO
245 _aINTERNATIONAL ECONOMICS
_cCARBAUGH, R.J
942 _2udc
_cBK
999 _c33982
_d33982